Acteurs de cinéma et leurs pseudonymes - Statistiques

Statistiques générales
  • Ce quiz a été pris 407 fois
    386 depuis la dernière actualisation
  • Le résultat moyen est 8 sur 30
Statistiques - réponses
Véritable identité Pseudonyme % Correct
Michel Colucci Coluche
90%
Jean Alexis Moncorgé Jean Gabin
65%
Fernand Contandin Fernandel
59%
Ivo Livi Yves Montand
58%
Dany Hamidou Dany Boon
52%
Jean Poire Jean Poiret
49%
André Raimbourg André Bourvil
43%
Pierre Tournadre Pierre Tornade
40%
Claude Espinasse Claude Brasseur
37%
Richard Benguigui Richard Berry
35%
Victor Nataf Victor Lanoux
30%
Constantin Hokhloff Michel Constantin
27%
Jules Muraire Raimu
27%
André Darricau Darry Cowl
26%
Roger Levy Roger Hanin
23%
Maurice Robinet Maurice Ronet
22%
Pierre Defays Pierre Richard
22%
Patrick Bourdeaux Patrick Dewaere
18%
Jacky Boufroura Jacques Villeret
17%
Noël Benevent Noël Roquevert
13%
Pierre Cuq Pierre Mondy
12%
Jean Gouye Jean Yanne
8%
Simon Berryer Sim
8%
William Buenos Jacques Balutin
6%
François Pillu François Perier
5%
Georges Berge Georges Descrieres
4%
Raymond Guillermain Raymond Souplex
3%
Gaston Barre Robert Dalban
3%
Pierre Tugot Pierre Doris
2%
Jacques Narcy Rufus
2%
Aucun quiz correspondant
Distribution des résultats
% des personnes avec chaque résultat
Percentile par nombre de réponses
Votre historique - résultats
Vous n’avez pas pris ce quiz depuis la dernière actualisation